Por huir de una mujer (Record no. 168262)
[ view plain ]
| 000 -LEADER | |
|---|---|
| campo de control de longitud fija | 01114nam a22002415i 4500 |
| 001 - NÚMERO DE CONTROL | |
| campo de control | 168262 |
| 003 - IDENTIFICADOR DE NÚMERO DE CONTROL | |
| campo de control | ES-MaACL |
| 005 - FECHA Y HORA DE LA ÚLTIMA TRANSACCIÓN | |
| campo de control | 20250824074928.0 |
| 008 - DATOS DE LONGITUD FIJA--INFORMACIÓN GENERAL | |
| campo de control de longitud fija | 000209s1870 sp |||| | spa d |
| 040 ## - FUENTE DE CATALOGACIÓN | |
| Centro catalogador/agencia de origen | CAM |
| Lengua de catalogación | spa |
| Centro/agencia transcriptor | CAM |
| 100 1# - ENTRADA PRINCIPAL--NOMBRE DE PERSONA | |
| Nombre de persona | Zumel, Enrique. |
| 9 (RLIN) | 118492 |
| 245 10 - MENCIÓN DEL TÍTULO | |
| Título | Por huir de una mujer |
| Resto del título | : zarzuela bufa en dos actos y en prosa / |
| Mención de responsabilidad, etc. | original de Enrique Zumel ; música de José V. Arche. |
| 260 ## - PUBLICACIÓN, DISTRIBUCIÓN, ETC. | |
| Lugar de publicación, distribución, etc. | Madrid : |
| Nombre del editor, distribuidor, etc. | [s.n.], |
| Fecha de publicación, distribución, etc. | 1870 ( |
| Fabricante | Imprenta de José Rodriguez) |
| 300 ## - DESCRIPCIÓN FÍSICA | |
| Extensión | 52 p. ; |
| Dimensiones | 20 cm. |
| 490 1# - MENCIÓN DE SERIE | |
| Mención de serie | El teatro : colección de obras dramáticas y líricas |
| 500 #1 - NOTA GENERAL | |
| Nota general | En port.: Representada por primera vez en el Teatro de Lope de Rueda, el día de Julio de 1870. |
| 500 ## - NOTA GENERAL | |
| Nota general | Solo la letra. |
| 598 #1 - NOTA LOCAL | |
| Nota local | Mención de serie tomada de la cub. |
| 700 1# - ENTRADA AGREGADA--NOMBRE PERSONAL | |
| Nombre de persona | Arche, José Vicente. |
| 9 (RLIN) | 125692 |
| 830 03 - PUNTO DE ACCESO ADICIONAL DE SERIE-TÍTULO UNIFORME | |
| Título uniforme | El teatro: colección de obras dramática y líricas |
| 9 (RLIN) | 221753 |
| 852 ## - LOCALIZACIÓN | |
| Ubicación | ES-MaACL |
| Número de control de estantería | F-8571(3) |
| Nota libre | -- Enc. pasta española, falto de la enc. original |
| -- | -- Enc. en un vol. facticio formando parte de la col. facticia "Teatro español moderno", vol. 24 |
| Estatus retirado | Estado de pérdida | Estado de daño | No para préstamo | Colección | Biblioteca de origen | Biblioteca actual | Ubicación en estantería | Fecha de adquisición | Total de préstamos | Signatura topográfica completa | Código de barras | Visto por última vez | Precio de reemplazo | Tipo de ítem Koha |
|---|---|---|---|---|---|---|---|---|---|---|---|---|---|---|
| Libros del s. XIX | Biblioteca del Ateneo de Madrid | Biblioteca del Ateneo de Madrid | Sala Pecera Planta 2 | 17/01/2008 | F-8571(3) | 1176552 | 23/02/2023 | 23/02/2023 | Libro impreso antiguo |
